000 00283nam a22001337a 4500
008 190201b xxu||||| |||| 00| 0 eng d
020 _a394310098
041 _aeng
080 _a316
100 _a50
101 _aSOC
245 _aAmerican Mosaic
_cHammond, P.E
942 _2udc
_cBK
999 _c53912
_d53912